00777nam a2200253Ia 4500008004000000020001500040041000800055082001600063100001800079245005700097260004100154300001400195650001300209650001300222650001000235650000900245650001600254650001400270650000600284690002500290906001100315999001900326952017800345210210b2010 xxu||||| |||| 00| 0 eng d a8121932025 aeng a658.15 TULT aTULSIAN (P C) aTulsians financial management: a self study textbook aNew DelhibS. Chand & Co. Ltd.c2010 axvii-A.17 aTulsians atextbook astudy aself amanagement: afinancial aa aFinancial Management a065776 c146481d146481 001040708ManagementaALbALcManagementd2021-02-17eS Chand and Company Ltd., Bangalore.g495.00l1o658.15 TULTp065776r2024-04-15 00:00:00s2024-01-06w2021-02-17yBK